Library Logo

Pioneer International University Library Catalogue

The passion of Artemisia / (Record no. 8861)

MARC details
000 -LEADER
fixed length control field 01607cam a2200349 a 4500
001 - CONTROL NUMBER
control field 12356496
003 - CONTROL NUMBER IDENTIFIER
control field OSt
005 - DATE AND TIME OF LATEST TRANSACTION
control field 20250901165746.0
008 - FIXED-LENGTH DATA ELEMENTS--GENERAL INFORMATION
fixed length control field 010323s2002 nyu 000 1 eng
010 ## - LIBRARY OF CONGRESS CONTROL NUMBER
LC control number 2001026119
020 ## - INTERNATIONAL STANDARD BOOK NUMBER
International Standard Book Number 0670894494 (alk. paper)
040 ## - CATALOGING SOURCE
Original cataloging agency DLC
Language of cataloging eng
Transcribing agency DLC
Modifying agency DLC
043 ## - GEOGRAPHIC AREA CODE
Geographic area code e-it---
050 00 - LIBRARY OF CONGRESS CALL NUMBER
Classification number PS 3572 .R34 P37 2002
Item number P37 2002
082 00 - DEWEY DECIMAL CLASSIFICATION NUMBER
Classification number 813/.54
Edition information 21
100 1# - MAIN ENTRY--PERSONAL NAME
Personal name Vreeland, Susan.
245 14 - TITLE STATEMENT
Title The passion of Artemisia /
Statement of responsibility, etc. Susan Vreeland.
260 ## - PUBLICATION, DISTRIBUTION, ETC.
Place of publication, distribution, etc. New York :
Name of publisher, distributor, etc. Viking,
Date of publication, distribution, etc. 2002.
300 ## - PHYSICAL DESCRIPTION
Extent 288 p. ;
Dimensions 24 cm.
561 ## - OWNERSHIP AND CUSTODIAL HISTORY
Institution to which field applies DLC
600 10 - SUBJECT ADDED ENTRY--PERSONAL NAME
Personal name Gentileschi, Artemisia,
Dates associated with a name 1593-1652 or 1653
Form subdivision Fiction.
650 00 - SUBJECT ADDED ENTRY--TOPICAL TERM
Topical term or geographic name entry element Women painters
Form subdivision Fiction.
651 #0 - SUBJECT ADDED ENTRY--GEOGRAPHIC NAME
Geographic name Italy
Form subdivision Fiction.
655 #7 - INDEX TERM--GENRE/FORM
Genre/form data or focus term Biographical fiction.
Source of term gsafd
710 2# - ADDED ENTRY--CORPORATE NAME
Corporate name or jurisdiction name as entry element Gene Berry and Jeffrey Campbell Collection (Library of Congress)
Institution to which field applies DLC
856 42 - ELECTRONIC LOCATION AND ACCESS
Materials specified Contributor biographical information
Uniform Resource Identifier <a href="http://www.loc.gov/catdir/enhancements/fy0719/2001026119-b.html">http://www.loc.gov/catdir/enhancements/fy0719/2001026119-b.html</a>
856 42 - ELECTRONIC LOCATION AND ACCESS
Materials specified Publisher description
Uniform Resource Identifier <a href="http://www.loc.gov/catdir/enhancements/fy0719/2001026119-d.html">http://www.loc.gov/catdir/enhancements/fy0719/2001026119-d.html</a>
856 41 - ELECTRONIC LOCATION AND ACCESS
Materials specified Sample text
Uniform Resource Identifier <a href="http://www.loc.gov/catdir/enhancements/fy0719/2001026119-s.html">http://www.loc.gov/catdir/enhancements/fy0719/2001026119-s.html</a>
906 ## - LOCAL DATA ELEMENT F, LDF (RLIN)
a 7
b cbc
c orignew
d 1
e ocip
f 20
g y-gencatlg
942 ## - ADDED ENTRY ELEMENTS (KOHA)
Source of classification or shelving scheme Library of Congress Classification
Koha item type Books
Holdings
Withdrawn status Lost status Source of classification or shelving scheme Damaged status Not for loan Home library Current library Shelving location Date acquired Total checkouts Full call number Barcode Date last seen Price effective from Koha item type
    Library of Congress Classification     Main Library Main Library   10/11/2024   PS 3572 .R34 P37 2002 PIU0006080 10/11/2024 10/11/2024 Books